000 00472pab a2200169 454500
008 180718b2002 xxu||||| |||| 00| 0 eng d
100 _aSquires, Gregory D.
245 _aExperiencing residential segregation: a contemporary study of Washington, D.C.
260 _c2002
300 _ap.155-83.
362 _aNov
650 _aRacial segregration
700 _aSaidat, Catherine E.
700 _aFriedman, Somantha
773 _aUrban Affairs Review
909 _a56387
999 _c56387
_d56387